<?xml version="1.0" encoding="UTF-8"?><OAI-PMH xmlns="http://www.openarchives.org/OAI/2.0/" xmlns:xsi="http://www.w3.org/2001/XMLSchema-instance"     xsi:schemaLocation="http://www.openarchives.org/OAI/2.0/ http://www.openarchives.org/OAI/2.0/OAI-PMH.xsd"><responseDate>2026-06-01T22:39:06Z</responseDate><request verb="GetRecord" identifier="oai:regmurcia.com:fintegr.1611" metadataPrefix="marc21">http://oai.regmurcia.com/oai2/oai2.php</request><GetRecord><record><header><identifier>oai:regmurcia.com:fintegr.1611</identifier><datestamp>2026-06-02</datestamp><setSpec>documentos</setSpec></header><metadata><record  xmlns="http://www.loc.gov/MARC21/slim" xmlns:xsi="http://www.w3.org/2001/XMLSchema-instance" xsi:schemaLocation="http://www.loc.gov/MARC21/slim http://www.loc.gov/standards/marcxml/schema/MARC21slim.xsd" type="Bibliographic"><leader>00000nam a2200000   4500</leader><controlfield tag="001" >005122696</controlfield><controlfield tag="003" >1611</controlfield><controlfield tag="004" >A00000000</controlfield><datafield tag="245" ind1=" " ind2=" "><subfield code="a">Petición de los vecinos de Murcia al concejo y corregidor de Murcia, solicitando poner contadores que controlen los gastos en la obra del azud.</subfield></datafield><datafield tag="300" ind1=" " ind2=" "><subfield code="c">225 x 157 mm.</subfield></datafield><datafield tag="300" ind1=" " ind2=" "><subfield code="a">4 fol.</subfield></datafield><datafield tag="351" ind1=" " ind2=" "><subfield code="a">Unidad Documental</subfield><subfield code="c">Archivo de Murcia. Array</subfield><subfield code="a">Unidad Documental</subfield><subfield code="c">Archivo de Murcia. Array</subfield></datafield><datafield tag="351" ind1=" " ind2=" "><subfield code="b">Nº 67</subfield></datafield><datafield tag="506" ind1=" " ind2=" "><subfield code="a">Acceso restringido</subfield></datafield><datafield tag="520" ind1=" " ind2=" "><subfield code="a">Los vecinos de Murcia se dirigen al concejo y al corregidor para pedirles que nombren contadores para que controlen los gastos en la obra del azud. Una riada destruyó el azud antiguo hace 32 años, y desde hace 22 años no hay ningún contador que vigile el gasto de la obra y cómo se emplea el dinero, obtenido de derramas entre los vecinos. Solicitan que se vuelvan a poner contadores para que velen por el buen empleo de ese dinero, y que vean cómo se ha usado el dinero durante todos estos años, actuando contra quienes se hayan apropiado indebidamente de él. Igualmente, se pide que el concejo no se entromezca en estos asuntos si no es a petición de los vecinos.</subfield></datafield><datafield tag="583" ind1=" " ind2=" "><subfield code="u">http://www.regmurcia.com/servlet/s.Sl?METHOD=VERDOCUMENTO&amp;sit=serv,Carmesi&amp;n=/01/1418/indice.djvu</subfield></datafield><datafield tag="592" ind1=" " ind2=" "><subfield code="a">1484-07-13</subfield></datafield><datafield tag="592" ind1=" " ind2=" "><subfield code="d">1484-07-13 00:00:00</subfield></datafield><datafield tag="651" ind1=" " ind2=" "><subfield code="a">Murcia</subfield></datafield><datafield tag="786" ind1=" " ind2=" "><subfield code="o">http://www.regmurcia.com/servlet/s.Sl?METHOD=VERDOCUMENTO&amp;sit=serv,Carmesi&amp;n=/01/1418/indice.djvu</subfield></datafield><datafield tag="856" ind1=" " ind2=" "><subfield code="u">http://www.regmurcia.com/servlet/s.Sl?METHOD=DETALLE&amp;sit=c,373,m,139,serv,Carmesi&amp;id=1611</subfield></datafield></record></metadata></record></GetRecord></OAI-PMH>
